000 00489nam a22001577a 4500
003 OSt
005 20221005172735.0
008 221005b |||||||| |||| 00| 0 eng d
040 _cBiblioteca Lado V
082 _a708
_bL579a
100 _972
_aLeon de la Barra, Pablo
_eautor
245 _aArt in General/
_bLa colección Jumex/
260 _aNew York
_bThe Mexican Cultural Institute of New York
_c2003
300 _a110p.
_c14x21cm
942 _2ddc
_c1
_h708
_iL579a
_n0
999 _c2182
_d2182